Normal view
MARC view
- البطاينة،محمد تركي/زياد محمد المشاقبة
Entry Personal Name
001 - CONTROL NUMBER
- control field: 31754
003 - CONTROL NUMBER IDENTIFIER
- control field: JO-AjAnu
005 - DATE AND TIME OF LATEST TRANSACTION
- control field: 20230606075337.0
008 - FIXED-LENGTH DATA ELEMENTS
- fixed length control field: 230606|| aca||aabn | a|a d
040 ## - CATALOGING SOURCE
- Original cataloging agency: JO-AjAnu
- Transcribing agency: JO-AjAnu
100 ## - HEADING--PERSONAL NAME
- Personal name: البطاينة،محمد تركي/زياد محمد المشاقبة
670 ## - SOURCE DATA FOUND
- Source citation: Work cat.: (JO-AjAnu)16304: البطاينة،محمد تركي/زياد محمد المشاقبة, author, ادارة المعرفة بين النظرية والتطبيق=KNOWLEDGE MANAGEMENT